000 00285nam a2200109 a 4500
008 110426s1960|||| d
245 1 0 _aVeľký Rusko - slovenský slovník
260 _bSlovenská akadémia vied
_aBratislava
_c1960
020 _c39,50
041 _aslo
044 _axo
_cSK
999 _c19147
_d19147